| 000 | 00457pab a2200169 454500 | ||
|---|---|---|---|
| 008 | 180718b2006 xxu||||| |||| 00| 0 eng d | ||
| 100 | _aHirway, Indira | ||
| 245 | _aWhere is gender in Eleventh Plan approach paper | ||
| 260 | _c2006 | ||
| 300 | _ap.3464-466 | ||
| 362 | _a12 Aug | ||
| 650 | _aEleventh Five Year Plan | ||
| 650 | _aEconomic planning - India | ||
| 650 | _aEconomic planning | ||
| 773 | _aEconomic and Political Weekly | ||
| 909 | _a70706 | ||
| 999 |
_c70706 _d70706 |
||